00470nam a22001577a 450000500170000000800410001702000180005808200190007610000170009524500620011225000120017426000280018630000320021450000190024665000470026520240422143334.0240422b |||||||| |||| 00| 0 eng d a9781119235538 a005.133bBUR-B aBurd, Barry  aBeginning programming with java for dummies /cBarry Burd a5th ed. aindia:bPearson;c2017. axiv, 524 p. :bill;c24 cm. ainclude index. acomputer science/java programming language